Mobilite humaine et environnement : du global au local

Saved in:
Bibliographic Details
Other Authors: Βλασσοπούλου, Χλόη (edtf), Cournil, Christel (edtf)
Format: Book
Language:French
Published: Versailles : Editions Quae, 2015.
Series:(Nature et societe)
Subjects:
Tags: Add Tag
No Tags, Be the first to tag this record!

MARC

LEADER 00000cam a2200000 a 4500
001 1/121229
008 200410s2015####fr ||||||| |||| ||fre||
020 |a 9782759223312 
040 |a GR-MyUa  |b gre  |c GR-MyUa  |e AACR2 
041 0 |a fre 
082 7 |a 304.8  |2 (23) 
245 0 0 |a Mobilite humaine et environnement :   |b du global au local /   |c Christel Cournil, Chloe Vlassopoulos, coordinatrices.  
260 |a Versailles :   |b Editions Quae,   |c 2015.  
300 |a 403 σ. ;   |c 23 εκ.  
490 0 |a (Nature et societe) 
650 0 |a Emigration and immigration  |x Environmental aspects. 
650 0 |a Emigration and immigration law 
650 0 |a Humanitarian law 
700 1 |a Βλασσοπούλου, Χλόη,  |e edtf 
700 1 |a Cournil, Christel,  |e edtf 
852 |a INST  |b LESVOS  |e 20200410  |h 304.8 MOB  |p 005100062512  |q 005100062512  |t BK  |y 0 
920 |a Μποτετζάγιας  |b Ιωσήφ  |y Λέσβος  |z 2017-03 
970 |a Δημάκη  |b Μαρία  |z 10-04-2020